Statistics for Country Calling Codes

Click here to take the quiz!

General Stats

  • This quiz has been taken 71 times
  • The average score is 79 of 240

Answer Stats

HintAnswer% Correct
1Canada
95%
1United States of America
95%
7Russia
72%
7Kazakhstan
64%
44United Kingdom
62%
20Egypt
59%
33France
59%
34Spain
59%
46Sweden
59%
32Belgium
56%
45Denmark
56%
31Netherlands
56%
49Germany
54%
39Italy
54%
55Brazil
51%
86China
51%
30Greece
51%
27South Africa
51%
54Argentina
49%
43Austria
49%
56Chile
49%
81Japan
49%
47Norway
49%
48Poland
49%
41Switzerland
49%
57Colombia
46%
53Cuba
46%
36Hungary
46%
52Mexico
46%
51Peru
46%
40Romania
46%
82South Korea
46%
58Venezuela
46%
91India
44%
90Turkey
44%
84Vietnam
44%
61Australia
41%
420Czech Republic
41%
62Indonesia
41%
98Iran
41%
60Malaysia
41%
64New Zealand
41%
92Pakistan
41%
63Philippines
41%
65Singapore
41%
66Thailand
41%
93Afghanistan
38%
353Ireland
38%
212Morocco
38%
95Myanmar
38%
234Nigeria
38%
381Serbia
38%
421Slovakia
38%
94Sri Lanka
38%
380Ukraine
38%
973Bahrain
36%
372Estonia
36%
964Iraq
36%
972Israel
36%
371Latvia
36%
961Lebanon
36%
370Lithuania
36%
352Luxembourg
36%
960Maldives
36%
977Nepal
36%
968Oman
36%
351Portugal
36%
974Qatar
36%
966Saudi Arabia
36%
963Syria
36%
216Tunisia
36%
971United Arab Emirates
36%
998Uzbekistan
36%
379Vatican
36%
967Yemen
36%
355Albania
33%
213Algeria
33%
376Andorra
33%
880Bangladesh
33%
591Bolivia
33%
359Bulgaria
33%
855Cambodia
33%
506Costa Rica
33%
357Cyprus
33%
299Greenland
33%
354Iceland
33%
962Jordan
33%
965Kuwait
33%
856Laos
33%
218Libya
33%
423Liechtenstein
33%
356Malta
33%
377Monaco
33%
850North Korea
33%
507Panama
33%
378San Marino
33%
211South Sudan
33%
992Tajikistan
33%
993Turkmenistan
33%
244Angola
31%
374Armenia
31%
994Azerbaijan
31%
1-242Bahamas
31%
501Belize
31%
387Bosnia and Herzegovina
31%
257Burundi
31%
237Cameroon
31%
269Comoros
31%
385Croatia
31%
253Djibouti
31%
593Ecuador
31%
503El Salvador
31%
291Eritrea
31%
251Ethiopia
31%
679Fiji
31%
995Georgia
31%
502Guatemala
31%
592Guyana
31%
509Haiti
31%
504Honduras
31%
254Kenya
31%
383Kosovo
31%
996Kyrgyzstan
31%
389Macedonia
31%
222Mauritania
31%
373Moldova
31%
976Mongolia
31%
382Montenegro
31%
505Nicaragua
31%
970Palestine
31%
595Paraguay
31%
232Sierra Leone
31%
386Slovenia
31%
252Somalia
31%
249Sudan
31%
597Suriname
31%
47Svalbard and Jan Mayen
31%
886Taiwan
31%
598Uruguay
31%
212Western Sahara
31%
1-268Antigua and Barbuda
28%
375Belarus
28%
229Benin
28%
975Bhutan
28%
267Botswana
28%
673Brunei
28%
226Burkina Faso
28%
238Cape Verde
28%
236Central African Republic
28%
235Chad
28%
243Democratic Republic of the Congo
28%
1-809, 1-829, 1-849Dominican Republic
28%
670East Timor
28%
240Equatorial Guinea
28%
358Finland
28%
241Gabon
28%
220Gambia
28%
233Ghana
28%
224Guinea
28%
245Guinea-Bissau
28%
852Hong Kong
28%
225Ivory Coast
28%
686Kiribati
28%
231Liberia
28%
853Macau
28%
265Malawi
28%
223Mali
28%
692Marshall Islands
28%
230Mauritius
28%
691Micronesia
28%
258Mozambique
28%
264Namibia
28%
227Niger
28%
680Palau
28%
675Papua New Guinea
28%
242Republic of the Congo
28%
250Rwanda
28%
685Samoa
28%
239Sao Tome and Principe
28%
221Senegal
28%
248Seychelles
28%
677Solomon Islands
28%
268Swaziland
28%
255Tanzania
28%
228Togo
28%
676Tonga
28%
256Uganda
28%
678Vanuatu
28%
260Zambia
28%
263Zimbabwe
28%
1-246Barbados
26%
350Gibraltar
26%
1-473Grenada
26%
44-1624Isle of Man
26%
266Lesotho
26%
261Madagascar
26%
674Nauru
26%
1-758Saint Lucia
26%
1-868Trinidad and Tobago
26%
688Tuvalu
26%
246British Indian Ocean Territory
23%
61Christmas Island
23%
1-767Dominica
23%
500Falkland Islands
23%
689French Polynesia
23%
44-1481Guernsey
23%
1-876Jamaica
23%
44-1534Jersey
23%
262Mayotte
23%
64Pitcairn
23%
262Reunion
23%
1-869Saint Kitts and Nevis
23%
508Saint Pierre and Miquelon
23%
1-784Saint Vincent and the Grenadines
23%
1-264Anguilla
21%
297Aruba
21%
1-284British Virgin Islands
21%
61Cocos Islands
21%
599Curacao
21%
298Faroe Islands
21%
683Niue
21%
1-787, 1-939Puerto Rico
21%
290Saint Helena
21%
590Saint Martin
21%
681Wallis and Futuna
21%
672Antarctica
18%
1-345Cayman Islands
18%
682Cook Islands
18%
1-664Montserrat
18%
599Netherlands Antilles
18%
590Saint Barthelemy
18%
690Tokelau
18%
1-340U.S. Virgin Islands
18%
687New Caledonia
15%
1-441Bermuda
13%
1-721Sint Maarten
13%
1-649Turks and Caicos Islands
13%
1-684American Samoa
10%
1-671Guam
10%
1-670Northern Mariana Islands
8%

Score Distribution

Percentile by Number Answered

Percent of People with Each Score

Your Score History

You have not taken this quiz